| 000 | 00584nam a2200241 a 4500 | ||
|---|---|---|---|
| 001 | nice12345678 | ||
| 003 | IN_TiNIC | ||
| 005 | 20260116012747.0 | ||
| 008 | 050524s1980 lona grp 000 0 eng | ||
| 020 |
_a _c90.5 |
||
| 082 | 0 | 0 |
_a398.56 _bBUR |
| 100 | _aBurckhardt, J L | ||
| 245 | _aArabic Proverb | ||
| 260 |
_aLondon _bCurzon Press _c1980 |
||
| 300 | _a283p | ||
| 500 | _aincludes index and biblioraphy | ||
| 505 | 2 | _aIshaat-E-Islam Trust Pub. No.469 | |
| 650 | _aProverbs-Arabic | ||
| 700 | 1 | _aBurckhardt, J L | |
| 902 | _bSRS | ||
| 942 | _cBK | ||
| 999 |
_c8263 _d8263 |
||